Normal view MARC view
  • Production planning

Entry Topical Term

Number of records used in: 1

001 - CONTROL NUMBER

  • control field: 85998

003 - CONTROL NUMBER IDENTIFIER

  • control field: NUST

005 - DATE AND TIME OF LATEST TRANSACTION

  • control field: 20211208094548.0

008 - FIXED-LENGTH DATA ELEMENTS

  • fixed length control field: 211208|| aca||aabn | a|a d

040 ## - CATALOGING SOURCE

  • Original cataloging agency: NUST
  • Transcribing agency: NUST

150 ## - HEADING--TOPICAL TERM

  • Topical term or geographic name entry element: Production planning

670 ## - SOURCE DATA FOUND

  • Source citation: Work cat.: (NUST)31660: Burbidge, John L. 85997, Production flow analysis for planning group technology /, 1989.
© 2023 Central Library, National University of Sciences and Technology. All Rights Reserved.